Risk management and derivatives : (Record no. 595418)

MARC details
000 -LEADER
fixed length control field 00408nam a2200169 a 4500
008 - FIXED-LENGTH DATA ELEMENTS--GENERAL INFORMATION
fixed length control field 251103s2003##################000#0#eng##
020 ## - INTERNATIONAL STANDARD BOOK NUMBER
ISBN 9788131501887
082 04 - DEWEY DECIMAL CLASSIFICATION NUMBER
Classification number 658.155
Item number STU
100 1# - MAIN ENTRY--AUTHOR NAME
Personal name Stulz, René M.,
245 10 - TITLE STATEMENT
Title Risk management and derivatives :
260 ## - PUBLICATION, DISTRIBUTION, ETC. (IMPRINT)
Year of publication 2003.
942 ## - ADDED ENTRY ELEMENTS (KOHA)
Koha item type English Books
Holdings
Withdrawn status Lost status Damaged status Not for loan Home library Current library Shelving location Date acquired Full call number Accession Number Price effective from Koha item type
        Anna Centenary Library Anna Centenary Library 6TH FLOOR, A WING 03.11.2025 658.155 STU 303462 03.11.2025 English Books

Find us on the map